Adekvátnosť invalidných dávok na Slovensku
Vo verejnom priestore sa často stretávame s informáciami o náročných sociálnych prípadoch invalidných dôchodcov, ktorí sú odkázaní na nízke dávky zo štátneho systému. Je výška invalidných dávok nízka v porovnaní s inými krajinami? Je systém invalidných dôchodkov nastavený nespravodlivo? Využívajú in...
Gespeichert in:
| 1. Verfasser: | |
|---|---|
| Format: | Buchkapitel |
| Sprache: | Slowakisch |
| Schlagworte: | |
| Tags: |
Keine Tags, Fügen Sie das erste Tag hinzu!
|
MARC
| LEADER | 00000naa a2200000 4500 | ||
|---|---|---|---|
| 001 | 0303287 | ||
| 005 | 20240731101340.0 | ||
| 041 | 0 | |a slo | |
| 044 | |a SK | ||
| 245 | 1 | 0 | |a Adekvátnosť invalidných dávok na Slovensku |c Peter Martiška |
| 520 | |a Vo verejnom priestore sa často stretávame s informáciami o náročných sociálnych prípadoch invalidných dôchodcov, ktorí sú odkázaní na nízke dávky zo štátneho systému. Je výška invalidných dávok nízka v porovnaní s inými krajinami? Je systém invalidných dôchodkov nastavený nespravodlivo? Využívajú invalidní dôchodcovia všetky možnosti, ktoré im ponúka systém sociálneho zabezpečenia? Zabezpečujú si príjem aj inak? Legislatívne nastavenie a adekvátnosť dávok - medzinárodné porovnanie a situácia na Slovensku. | ||
| 610 | 2 | 0 | |a dávky zabezpečenia dôchodkového |
| 610 | 2 | 0 | |a invalidita |
| 610 | 2 | 0 | |a invalidi |
| 610 | 2 | 0 | |a dôchodky invalidné |
| 610 | 2 | 0 | |a zabezpečenie sociálne |
| 610 | 2 | 0 | |a legislatíva |
| 610 | 2 | 0 | |a porovnanie medzinárodné |
| 610 | 2 | 0 | |a Slovensko |
| 100 | 1 | |a Martiška, Peter, 1995- | |